Paradoxes of modernity: (Record no. 17748)
[ view plain ]
| 000 -LEADER | |
|---|---|
| fixed length control field | 00440nam a2200157Ia 4500 |
| 082 ## - DEWEY DECIMAL CLASSIFICATION NUMBER | |
| Classification number | 306.165 SCH-; |
| 100 ## - MAIN ENTRY--AUTHOR NAME | |
| Personal name | Schluchter, Wofgang |
| 245 #0 - TITLE STATEMENT | |
| Title | Paradoxes of modernity: |
| Sub Title | culture and conduct in the theory of Max Weber |
| 260 ## - PUBLICATION, DISTRIBUTION, ETC. (IMPRINT) | |
| Place of publication | California |
| Name of publisher | Standard University Press |
| Year of publication | 1996 |
| 300 ## - PHYSICAL DESCRIPTION | |
| Number of Pages | 389p. |
| 504 ## - BIBLIOGRAPHY, ETC. NOTE | |
| Bibliography, etc | Includes indexes |
| 650 ## - SUBJECT ADDED ENTRY--TOPICAL TERM | |
| Topical Term | Weber, Max - Philosophy |
| 650 ## - SUBJECT ADDED ENTRY--TOPICAL TERM | |
| Topical Term | Paradoxes |
| 700 ## - ADDED ENTRY--PERSONAL NAME | |
| Personal name | Solomon, Neil |
| 942 ## - ADDED ENTRY ELEMENTS (KOHA) | |
| Koha item type | Books |
| Withdrawn status | Lost status | Damaged status | Not for loan | Home library | Current library | Date acquired | Bill Date | Full call number | Accession Number | Price effective from | Koha item type |
|---|---|---|---|---|---|---|---|---|---|---|---|
| NASSDOC Library | NASSDOC Library | 08/06/2004 | 2008-12-30 | 306.165 SCH-; | 35659 | 18/04/2019 | Books |
